Inclusive research with people with learning disabilities: past, present and futures
Salvato in:
| Autori principali: | , |
|---|---|
| Natura: | Libro |
| Lingua: | inglese |
| Pubblicazione: |
Londres
Jessica Kingsley Publishers
2003
|
| Edizione: | 1a. ed |
| Soggetti: | |
| Tags: |
Aggiungi Tag
Nessun Tag, puoi essere il primo ad aggiungerne!!
|
MARC
| LEADER | 00000cam a2200000 a 4500 | ||
|---|---|---|---|
| 001 | UCC0564 | ||
| 003 | CL-VaPUC | ||
| 008 | 170818e20030000uk |||||||||||||||||eng|d | ||
| 020 | |a 9781849853705 | ||
| 020 | |a 1849853703 | ||
| 082 | 0 | 4 | |a 371.9 |b WAL |2 21 |
| 100 | 0 | |a Walmsley, Jan |e author |9 594563 | |
| 700 | 0 | |a Johnson, Kelley |e author |9 594564 | |
| 245 | 1 | 0 | |a Inclusive research with people with learning disabilities: past, present and futures |
| 250 | |a 1a. ed | ||
| 300 | |a 256 p | ||
| 942 | |c BK | ||
| 945 | |d 20170818 15:36:00 |a arojas | ||
| 260 | |a Londres |b Jessica Kingsley Publishers |c 2003 | ||
| 650 | 0 | |a Trastornos mentales |9 307475 | |
| 650 | 0 | |a Educación inclusiva |9 560584 | |
| 650 | 0 | |a Métodos de investigación |9 262618 | |
| 650 | 7 | |a PROBLEMAS DE APRENDIZAJE |2 CL-VaPUC |9 417108 | |
| 583 | |a last modification |c 20170818 15:36:00 |k Rodrigo Vera | ||
| 999 | |c 369368 |d 369366 | ||
| 952 | |0 0 |1 0 |3 erb |4 0 |6 371_900000000000000_WAL_2003 |7 0 |8 A |9 485131 |a BIBEDU |b BIBEDU |c ES_NOD |i 5415810 |o 371.9 WAL 2003 |p 5415810 |r 2023-08-09 |w 2019-11-24 |y BK |z Catalogado en:20170818 |k EDI | ||